[Event "T-Director's Swiss sytem"]
[Site "playchess.com #662980"]
[Date "2014.03.16"]
[Round "8"]
[White "Utz"]
[Black "Rkem71"]
[Result "1-0"]
[WhiteElo "1688"]
[BlackElo "1510"]
[PlyCount "103"]
[EventDate "2014.03.16"]
[EventType "swiss (blitz)"]

1. Nf3 {[%emt 0:00:02]} c5 {[%emt 0:00:05]} 2. d3 {[%emt 0:00:00]} e6 {[%emt 0:
00:02]} 3. e4 {[%emt 0:00:01]} d5 {[%emt 0:00:02]} 4. Nbd2 {[%emt 0:00:01]} Nf6
{[%emt 0:00:03]} 5. g3 {[%emt 0:00:01]} dxe4 {[%emt 0:00:02]} 6. dxe4 {[%emt 0:
00:01]} Nc6 {[%emt 0:00:04]} 7. Bg2 {[%emt 0:00:04]} e5 {[%emt 0:00:01]} 8. O-O
{[%emt 0:00:02]} Be7 {[%emt 0:00:02]} 9. h3 {[%emt 0:00:02]} O-O {[%emt 0:00:
02]} 10. c3 {[%emt 0:00:01]} Be6 {[%emt 0:00:05]} 11. Re1 {[%emt 0:00:03]} Qc7
{[%emt 0:00:05]} 12. Qe2 {[%emt 0:00:07]} Rad8 {[%emt 0:00:02]} 13. Ng5 {[%emt
0:00:07]} Bc8 {[%emt 0:00:10]} 14. Nf1 {[%emt 0:00:01]} h6 {[%emt 0:00:02]} 15.
Nf3 {[%emt 0:00:02]} Be6 {[%emt 0:00:03]} 16. Nh4 {[%emt 0:00:05]} Qd7 {[%emt
0:00:04]} 17. Nf5 {[%emt 0:00:02]} Bxf5 {[%emt 0:00:02]} 18. exf5 {[%emt 0:00:
01]} Qxf5 {[%emt 0:00:01]} 19. g4 {[%emt 0:00:04]} Qe6 {[%emt 0:00:11]} 20. Ne3
{[%emt 0:00:11]} Rd7 {[%emt 0:00:25]} 21. Nf5 {[%emt 0:00:07]} Rfd8 {[%emt 0:
00:04]} 22. Be3 {[%emt 0:00:11]} b6 {[%emt 0:00:12]} 23. Qb5 {[%emt 0:00:07]}
Nb8 {[%emt 0:00:17]} 24. Bf1 {[%emt 0:00:12]} Nd5 {[%emt 0:00:25]} 25. Bc4 {
[%emt 0:00:23]} Qc6 {[%emt 0:00:16]} 26. Qb3 {[%emt 0:00:03]} Bf8 {[%emt 0:00:
13]} 27. Rad1 {[%emt 0:00:14]} Nxe3 {[%emt 0:00:03]} 28. Bxf7+ {[%emt 0:00:10]}
Kh8 {[%emt 0:00:30]} 29. Nxe3 {[%emt 0:00:05]} Rxd1 {[%emt 0:00:07]} 30. Rxd1 {
[%emt 0:00:02]} Rxd1+ {[%emt 0:00:01]} 31. Qxd1 {[%emt 0:00:07]} Qd7 {[%emt 0:
00:12]} 32. Qf3 {[%emt 0:00:06]} Nc6 {[%emt 0:00:39]} 33. Bg6 {[%emt 0:00:06]}
Bd6 {[%emt 0:00:33]} 34. Nf5 {[%emt 0:00:11]} Ne7 {[%emt 0:00:12]} 35. Nxd6 {
[%emt 0:00:22]} Nxg6 {[%emt 0:00:09]} 36. Qa8+ {[%emt 0:00:14]} Kh7 {[%emt 0:
00:02]} 37. Nf5 {[%emt 0:00:04]} Nf4 {[%emt 0:00:03]} 38. Qf3 {[%emt 0:00:11]}
Qd3 {[%emt 0:00:07]} 39. Ne3 {[%emt 0:00:10]} Qb1+ {[%emt 0:00:10]} 40. Kh2 {
[%emt 0:00:03]} Qxb2 {[%emt 0:00:02]} 41. Qe4+ {[%emt 0:00:03]} Kh8 {[%emt 0:
00:02]} 42. Kg3 {[%emt 0:00:07]} Ne6 {[%emt 0:00:12]} 43. Nf5 {[%emt 0:00:05]}
Qxc3+ {[%emt 0:00:04]} 44. f3 {[%emt 0:00:01]} Nf4 {[%emt 0:00:05]} 45. Qa8+ {
[%emt 0:00:02]} Kh7 {[%emt 0:00:02]} 46. Qe4 {[%emt 0:00:04]} Qe1+ {[%emt 0:00:
02]} 47. Qxe1 {[%emt 0:00:05]} Nd3 {[%emt 0:00:01]} 48. Qe4 {[%emt 0:00:04]}
Nb4 {[%emt 0:00:06]} 49. a3 {[%emt 0:00:07]} Nd5 {[%emt 0:00:08]} 50. Qxd5 {
[%emt 0:00:02]} g6 {[%emt 0:00:02]} 51. Qf7+ {[%emt 0:00:02]} Kh8 {[%emt 0:00:
02]} 52. Qg7# {[%emt 0:00:01]} 1-0

[Event "T-Director's Swiss sytem"]
[Site "playchess.com #662980"]
[Date "2014.03.16"]
[Round "2"]
[White "Utz"]
[Black "Strongpoint"]
[Result "1-0"]
[WhiteElo "1675"]
[BlackElo "1048"]
[PlyCount "35"]
[EventDate "2014.03.16"]
[EventType "swiss (blitz)"]

1. Nf3 {[%emt 0:00:01]} d6 {[%emt 0:00:03]} 2. d3 {[%emt 0:00:02]} e5 {[%emt 0:
00:02]} 3. e4 {[%emt 0:00:01]} f5 {[%emt 0:00:05]} 4. exf5 {[%emt 0:00:03]}
Bxf5 {[%emt 0:00:03]} 5. Nbd2 {[%emt 0:00:00]} Nd7 {[%emt 0:00:04]} 6. Nc4 {
[%emt 0:00:01]} Ngf6 {[%emt 0:00:06]} 7. Ne3 {[%emt 0:00:01]} Bg6 {[%emt 0:00:
05]} 8. g3 {[%emt 0:00:03]} Be7 {[%emt 0:00:04]} 9. Bg2 {[%emt 0:00:01]} c6 {
[%emt 0:00:03]} 10. O-O {[%emt 0:00:02]} O-O {[%emt 0:00:02]} 11. c3 {[%emt 0:
00:01]} b5 {[%emt 0:00:09]} 12. Nh4 {[%emt 0:00:08]} Qc7 {[%emt 0:00:18]} 13.
Nxg6 {[%emt 0:00:02]} hxg6 {[%emt 0:00:03]} 14. Bh3 {[%emt 0:00:15]} a5 {[%emt
0:00:03]} 15. Be6+ {[%emt 0:00:04]} Kh8 {[%emt 0:00:12]} 16. Ng4 {[%emt 0:00:
02]} Nxg4 {[%emt 0:00:06]} 17. Qxg4 {[%emt 0:00:02]} Rf6 {[%emt 0:00:20]} 18.
Qh3# {[%emt 0:00:03]} 1-0

[Event "T-Director's Swiss sytem"]
[Site "playchess.com #662980"]
[Date "2014.03.16"]
[Round "4"]
[White "Utz"]
[Black "Vachefolle"]
[Result "1-0"]
[WhiteElo "1671"]
[BlackElo "1566"]
[PlyCount "87"]
[EventDate "2014.03.16"]
[EventType "swiss (blitz)"]

1. Nf3 {[%emt 0:00:02]} d5 {[%emt 0:00:02]} 2. d3 {[%emt 0:00:01]} Bf5 {[%emt
0:00:06]} 3. Nbd2 {[%emt 0:00:01]} e6 {[%emt 0:00:02]} 4. e4 {[%emt 0:00:01]}
Bg6 {[%emt 0:00:05]} 5. e5 {[%emt 0:00:06]} Bb4 {[%emt 0:00:12]} 6. c3 {[%emt
0:00:02]} Ba5 {[%emt 0:00:02]} 7. d4 {[%emt 0:00:04]} Nd7 {[%emt 0:00:01]} 8.
Bb5 {[%emt 0:00:10]} c6 {[%emt 0:00:01]} 9. Ba4 {[%emt 0:00:01]} h6 {[%emt 0:
00:12]} 10. O-O {[%emt 0:00:15]} Ne7 {[%emt 0:00:04]} 11. b4 {[%emt 0:00:02]}
Bc7 {[%emt 0:00:03]} 12. Bc2 {[%emt 0:00:02]} O-O {[%emt 0:00:05]} 13. a4 {
[%emt 0:00:09]} a5 {[%emt 0:00:07]} 14. Nh4 {[%emt 0:00:19]} Bxc2 {[%emt 0:00:
25]} 15. Qxc2 {[%emt 0:00:02]} b6 {[%emt 0:00:09]} 16. b5 {[%emt 0:00:07]} c5 {
[%emt 0:00:02]} 17. Qd3 {[%emt 0:00:11]} Rc8 {[%emt 0:00:33]} 18. Qg3 {[%emt 0:
00:01]} Nf5 {[%emt 0:00:18]} 19. Nxf5 {[%emt 0:00:02]} exf5 {[%emt 0:00:01]}
20. Nf3 {[%emt 0:00:03]} c4 {[%emt 0:00:19]} 21. Bxh6 {[%emt 0:00:03]} g6 {
[%emt 0:00:12]} 22. Bxf8 {[%emt 0:00:05]} Qxf8 {[%emt 0:00:02]} 23. h4 {[%emt
0:00:08]} Qh6 {[%emt 0:00:12]} 24. Ng5 {[%emt 0:00:12]} Kg7 {[%emt 0:00:06]}
25. f4 {[%emt 0:00:10]} Rh8 {[%emt 0:00:03]} 26. Nf3 {[%emt 0:00:02]} Bd8 {
[%emt 0:00:02]} 27. Kf2 {[%emt 0:00:05]} Bxh4 {[%emt 0:00:04]} 28. Nxh4 {[%emt
0:00:02]} Qxh4 {[%emt 0:00:01]} 29. Qxh4 {[%emt 0:00:01]} Rxh4 {[%emt 0:00:01]}
30. Kf3 {[%emt 0:00:03]} Nf8 {[%emt 0:00:04]} 31. Rh1 {[%emt 0:00:02]} Rxh1 {
[%emt 0:00:02]} 32. Rxh1 {[%emt 0:00:02]} Ne6 {[%emt 0:00:01]} 33. Rh4 {[%emt
0:00:05]} Nf8 {[%emt 0:00:06]} 34. g4 {[%emt 0:00:01]} fxg4+ {[%emt 0:00:28]}
35. Rxg4 {[%emt 0:00:12]} f5 {[%emt 0:00:23]} 36. exf6+ {[%emt 0:00:02]} Kxf6 {
[%emt 0:00:08]} 37. Rg5 {[%emt 0:00:01]} Ke6 {[%emt 0:00:04]} 38. Kg4 {[%emt 0:
00:07]} Kd6 {[%emt 0:00:08]} 39. Re5 {[%emt 0:00:07]} Ne6 {[%emt 0:00:09]} 40.
f5 {[%emt 0:00:10]} gxf5+ {[%emt 0:00:04]} 41. Kxf5 {[%emt 0:00:01]} Nc7 {
[%emt 0:00:11]} 42. Kg6 {[%emt 0:00:08]} Kd7 {[%emt 0:00:02]} 43. Kf7 {[%emt 0:
00:03]} Kd6 {[%emt 0:00:04]} 44. Re7 {[%emt 0:00:04] Vachefolle abandonne} 1-0

[Event "T-Director's Swiss sytem"]
[Site "playchess.com #662980"]
[Date "2014.03.16"]
[Round "4"]
[White "Vertetics Attila"]
[Black "Bekakv"]
[Result "1/2-1/2"]
[WhiteElo "2476"]
[BlackElo "2001"]
[PlyCount "122"]
[EventDate "2014.03.16"]
[EventType "swiss (blitz)"]

1. d4 {[%emt 0:00:02]} Nf6 {[%emt 0:00:01]} 2. Bg5 {[%emt 0:00:02]} e6 {[%emt
0:00:01]} 3. Nd2 {[%emt 0:00:01]} h6 {[%emt 0:00:01]} 4. Bh4 {[%emt 0:00:01]}
d5 {[%emt 0:00:02]} 5. e3 {[%emt 0:00:04]} Be7 {[%emt 0:00:02]} 6. Bd3 {[%emt
0:00:01]} c5 {[%emt 0:00:01]} 7. c3 {[%emt 0:00:01]} Nc6 {[%emt 0:00:02]} 8. f4
{[%emt 0:00:01]} Qc7 {[%emt 0:00:17]} 9. Bxf6 {[%emt 0:00:27]} Bxf6 {[%emt 0:
00:04]} 10. g3 {[%emt 0:00:01]} b6 {[%emt 0:00:06]} 11. Ngf3 {[%emt 0:00:01]}
O-O {[%emt 0:00:03]} 12. O-O {[%emt 0:00:03]} a5 {[%emt 0:00:04]} 13. Ne5 {
[%emt 0:00:07]} Ba6 {[%emt 0:00:03]} 14. Bxa6 {[%emt 0:00:14]} Rxa6 {[%emt 0:
00:02]} 15. Qa4 {[%emt 0:00:01]} Ne7 {[%emt 0:00:21]} 16. Qb5 {[%emt 0:00:03]}
Ra7 {[%emt 0:00:05]} 17. Ng4 {[%emt 0:00:06]} Nf5 {[%emt 0:00:08]} 18. Rae1 {
[%emt 0:00:12]} Be7 {[%emt 0:00:07]} 19. Nf3 {[%emt 0:00:13]} Nd6 {[%emt 0:00:
05]} 20. Qd3 {[%emt 0:00:02]} Ne4 {[%emt 0:00:02]} 21. Nf2 {[%emt 0:00:04]} f5
{[%emt 0:00:08]} 22. Ne5 {[%emt 0:00:01]} Bf6 {[%emt 0:00:13]} 23. Nxe4 {[%emt
0:00:08]} fxe4 {[%emt 0:00:02]} 24. Qb5 {[%emt 0:00:10]} Bxe5 {[%emt 0:00:04]}
25. dxe5 {[%emt 0:00:21]} c4 {[%emt 0:00:17]} 26. f5 {[%emt 0:00:12]} Qc5 {
[%emt 0:00:28]} 27. Qxc5 {[%emt 0:00:15]} bxc5 {[%emt 0:00:02]} 28. fxe6 {
[%emt 0:00:00]} Rd8 {[%emt 0:00:19]} 29. Rf2 {[%emt 0:00:39]} Re7 {[%emt 0:00:
03]} 30. Ref1 {[%emt 0:00:09]} Rxe6 {[%emt 0:00:03]} 31. Rf7 {[%emt 0:00:02]}
Rxe5 {[%emt 0:00:05]} 32. Ra7 {[%emt 0:00:07]} d4 {[%emt 0:00:10]} 33. Rxa5 {
[%emt 0:00:14]} dxe3 {[%emt 0:00:08]} 34. Re1 {[%emt 0:00:10]} Rd2 {[%emt 0:00:
08]} 35. b4 {[%emt 0:00:19]} cxb3 {[%emt 0:00:06]} 36. axb3 {[%emt 0:00:01]}
Rf5 {[%emt 0:00:05]} 37. Rxe3 {[%emt 0:00:11]} Rff2 {[%emt 0:00:03]} 38. Rxc5 {
[%emt 0:00:08]} Rg2+ {[%emt 0:00:03]} 39. Kh1 {[%emt 0:00:03]} Rxh2+ {[%emt 0:
00:01]} 40. Kg1 {[%emt 0:00:00]} Rdg2+ {[%emt 0:00:09]} 41. Kf1 {[%emt 0:00:01]
} Rb2 {[%emt 0:00:03]} 42. Kg1 {[%emt 0:00:01]} Rhc2 {[%emt 0:00:09]} 43. Rf5 {
[%emt 0:00:04]} Rxb3 {[%emt 0:00:06]} 44. Rxe4 {[%emt 0:00:16]} Rcxc3 {[%emt 0:
00:14]} 45. g4 {[%emt 0:00:01]} Rb2 {[%emt 0:00:03]} 46. g5 {[%emt 0:00:08]}
Rc1+ {[%emt 0:00:34]} 47. Rf1 {[%emt 0:00:03]} Rxf1+ {[%emt 0:00:01]} 48. Kxf1
{[%emt 0:00:00]} hxg5 {[%emt 0:00:01]} 49. Re5 {[%emt 0:00:09]} Kf7 {[%emt 0:
00:02]} 50. Rxg5 {[%emt 0:00:02]} Kf6 {[%emt 0:00:01]} 51. Rc5 {[%emt 0:00:01]}
g5 {[%emt 0:00:01]} 52. Kg1 {[%emt 0:00:03]} g4 {[%emt 0:00:02]} 53. Rd5 {
[%emt 0:00:02]} Re2 {[%emt 0:00:03]} 54. Rc5 {[%emt 0:00:03]} Re5 {[%emt 0:00:
04]} 55. Rxe5 {[%emt 0:00:03]} Kxe5 {[%emt 0:00:01]} 56. Kg2 {[%emt 0:00:00]}
Kf4 {[%emt 0:00:02]} 57. Kf2 {[%emt 0:00:01]} g3+ {[%emt 0:00:03]} 58. Kg2 {
[%emt 0:00:00]} Kg4 {[%emt 0:00:01]} 59. Kg1 {[%emt 0:00:00]} Kf3 {[%emt 0:00:
01]} 60. Kf1 {[%emt 0:00:01]} g2+ {[%emt 0:00:00]} 61. Kg1 {[%emt 0:00:01]} Kg3
{[%emt 0:00:00]} 1/2-1/2

[Event "T-Director's Swiss sytem"]
[Site "playchess.com #662980"]
[Date "2014.03.16"]
[Round "2"]
[White "Vertetics Attila"]
[Black "UrkhanSG"]
[Result "1-0"]
[WhiteElo "2470"]
[BlackElo "1987"]
[PlyCount "117"]
[EventDate "2014.03.16"]
[EventType "swiss (blitz)"]

1. d4 {[%emt 0:00:04]} Nf6 {[%emt 0:00:01]} 2. c4 {[%emt 0:00:03]} e6 {[%emt 0:
00:01]} 3. Nf3 {[%emt 0:00:01]} Bb4+ {[%emt 0:00:02]} 4. Nbd2 {[%emt 0:00:03]}
O-O {[%emt 0:00:01]} 5. e3 {[%emt 0:00:09]} c5 {[%emt 0:00:04]} 6. Bd3 {[%emt
0:00:06]} d5 {[%emt 0:00:02]} 7. O-O {[%emt 0:00:06]} Na6 {[%emt 0:00:05]} 8.
a3 {[%emt 0:00:03]} Ba5 {[%emt 0:00:01]} 9. Nb3 {[%emt 0:00:12]} Bb6 {[%emt 0:
00:11]} 10. cxd5 {[%emt 0:00:01]} exd5 {[%emt 0:00:20]} 11. Bxa6 {[%emt 0:00:
02]} c4 {[%emt 0:00:10]} 12. Bxc4 {[%emt 0:00:15]} dxc4 {[%emt 0:00:02]} 13.
Nbd2 {[%emt 0:00:00]} Be6 {[%emt 0:00:09]} 14. Ne5 {[%emt 0:00:05]} Rc8 {[%emt
0:00:04]} 15. Ndf3 {[%emt 0:00:07]} Ne4 {[%emt 0:00:24]} 16. Bd2 {[%emt 0:00:
04]} f6 {[%emt 0:00:05]} 17. Bb4 {[%emt 0:00:04]} Re8 {[%emt 0:00:12]} 18. Qc2
{[%emt 0:00:14]} Bf5 {[%emt 0:00:03]} 19. Nxc4 {[%emt 0:00:30]} Ng3 {[%emt 0:
00:11]} 20. Qb3 {[%emt 0:00:07]} Be6 {[%emt 0:00:09]} 21. hxg3 {[%emt 0:00:17]}
Bxc4 {[%emt 0:00:02]} 22. Qd1 {[%emt 0:00:03]} Bxf1 {[%emt 0:00:02]} 23. Qxf1 {
[%emt 0:00:00]} Qd5 {[%emt 0:00:07]} 24. Bc3 {[%emt 0:00:04]} Ba5 {[%emt 0:00:
10]} 25. Bxa5 {[%emt 0:00:09]} Qxa5 {[%emt 0:00:01]} 26. Qd3 {[%emt 0:00:01]}
Qd5 {[%emt 0:00:06]} 27. Nd2 {[%emt 0:00:06]} Red8 {[%emt 0:00:09]} 28. Rd1 {
[%emt 0:00:05]} b5 {[%emt 0:00:02]} 29. Nb1 {[%emt 0:00:01]} Qc4 {[%emt 0:00:
01]} 30. Qd2 {[%emt 0:00:05]} Qc2 {[%emt 0:00:04]} 31. Nc3 {[%emt 0:00:01]}
Qxd2 {[%emt 0:00:01]} 32. Rxd2 {[%emt 0:00:00]} a6 {[%emt 0:00:01]} 33. Kf1 {
[%emt 0:00:01]} Kf7 {[%emt 0:00:01]} 34. Ke2 {[%emt 0:00:01]} Rc4 {[%emt 0:00:
02]} 35. Kd3 {[%emt 0:00:00]} Rdc8 {[%emt 0:00:01]} 36. e4 {[%emt 0:00:06]} b4
{[%emt 0:00:05]} 37. axb4 {[%emt 0:00:01]} Rxb4 {[%emt 0:00:00]} 38. g4 {[%emt
0:00:05]} Rcb8 {[%emt 0:00:02]} 39. Nd1 {[%emt 0:00:06]} Rb3+ {[%emt 0:00:03]}
40. Ke2 {[%emt 0:00:01]} a5 {[%emt 0:00:01]} 41. Rc2 {[%emt 0:00:03]} R8b7 {
[%emt 0:00:01]} 42. d5 {[%emt 0:00:01]} Ke7 {[%emt 0:00:01]} 43. f3 {[%emt 0:
00:08]} a4 {[%emt 0:00:04]} 44. Kf2 {[%emt 0:00:02]} g5 {[%emt 0:00:01]} 45.
Rc4 {[%emt 0:00:08]} R3b4 {[%emt 0:00:08]} 46. Rc6 {[%emt 0:00:05]} Rd4 {[%emt
0:00:37]} 47. Ke2 {[%emt 0:00:04]} Rb3 {[%emt 0:00:01]} 48. Rc7+ {[%emt 0:00:
07]} Kd6 {[%emt 0:00:01]} 49. Rxh7 {[%emt 0:00:04]} Rbd3 {[%emt 0:00:06]} 50.
Ne3 {[%emt 0:00:05]} Rd2+ {[%emt 0:00:02]} 51. Ke1 {[%emt 0:00:00]} Rxb2 {
[%emt 0:00:05]} 52. Nf5+ {[%emt 0:00:01]} Ke5 {[%emt 0:00:02]} 53. Re7+ {[%emt
0:00:03]} Kf4 {[%emt 0:00:03]} 54. Nxd4 {[%emt 0:00:01]} Ke3 {[%emt 0:00:01]}
55. Nf5+ {[%emt 0:00:02]} Kd3 {[%emt 0:00:02]} 56. Ra7 {[%emt 0:00:03]} Ra2 {
[%emt 0:00:24]} 57. d6 {[%emt 0:00:02]} a3 {[%emt 0:00:01]} 58. d7 {[%emt 0:00:
01]} Ra1+ {[%emt 0:00:01]} 59. Kf2 {[%emt 0:00:01] UrkhanSG resigns} 1-0

[Event "T-Director's Swiss sytem"]
[Site "playchess.com #662980"]
[Date "2014.03.16"]
[Round "8"]
[White "Whn"]
[Black "Chessys"]
[Result "1/2-1/2"]
[WhiteElo "1678"]
[BlackElo "1588"]
[PlyCount "112"]
[EventDate "2014.03.16"]
[EventType "swiss (blitz)"]

1. c4 {[%emt 0:00:02]} d5 {[%emt 0:00:04]} 2. cxd5 {[%emt 0:00:02]} Nf6 {[%emt
0:00:03]} 3. Nf3 {[%emt 0:00:11]} Nxd5 {[%emt 0:00:02]} 4. Nc3 {[%emt 0:00:03]}
Nxc3 {[%emt 0:00:02]} 5. bxc3 {[%emt 0:00:02]} g6 {[%emt 0:00:02]} 6. g3 {
[%emt 0:00:01]} Bg7 {[%emt 0:00:01]} 7. Bg2 {[%emt 0:00:02]} O-O {[%emt 0:00:
02]} 8. O-O {[%emt 0:00:10]} Nc6 {[%emt 0:00:02]} 9. e3 {[%emt 0:00:03]} Bd7 {
[%emt 0:00:07]} 10. d4 {[%emt 0:00:02]} Qc8 {[%emt 0:00:04]} 11. Ba3 {[%emt 0:
00:11]} Re8 {[%emt 0:00:09]} 12. Nd2 {[%emt 0:00:17]} Bh3 {[%emt 0:00:06]} 13.
Rc1 {[%emt 0:00:22]} Bxg2 {[%emt 0:00:03]} 14. Kxg2 {[%emt 0:00:01]} Rb8 {
[%emt 0:00:08]} 15. c4 {[%emt 0:00:14]} e6 {[%emt 0:00:06]} 16. Qf3 {[%emt 0:
00:15]} Qd7 {[%emt 0:00:07]} 17. Rfd1 {[%emt 0:00:08]} Rbd8 {[%emt 0:00:08]}
18. Nb3 {[%emt 0:00:18]} b6 {[%emt 0:00:06]} 19. c5 {[%emt 0:00:55]} Ne7 {
[%emt 0:00:07]} 20. cxb6 {[%emt 0:00:06]} cxb6 {[%emt 0:00:05]} 21. Bxe7 {
[%emt 0:00:11]} Rxe7 {[%emt 0:00:04]} 22. Rc2 {[%emt 0:00:06]} Qd5 {[%emt 0:00:
05]} 23. Rdc1 {[%emt 0:00:02]} Qxf3+ {[%emt 0:00:03]} 24. Kxf3 {[%emt 0:00:01]}
e5 {[%emt 0:00:11]} 25. dxe5 {[%emt 0:00:07]} Rxe5 {[%emt 0:00:05]} 26. Rc8 {
[%emt 0:00:06]} Red5 {[%emt 0:00:13]} 27. R1c7 {[%emt 0:00:16]} h5 {[%emt 0:00:
27]} 28. Rxd8+ {[%emt 0:00:03]} Rxd8 {[%emt 0:00:06]} 29. Rxa7 {[%emt 0:00:01]}
Rb8 {[%emt 0:00:09]} 30. a4 {[%emt 0:00:11]} Bc3 {[%emt 0:00:12]} 31. Nc1 {
[%emt 0:00:04]} Kg7 {[%emt 0:00:20]} 32. Ne2 {[%emt 0:00:04]} Be5 {[%emt 0:00:
08]} 33. Ke4 {[%emt 0:00:10]} Bf6 {[%emt 0:00:07]} 34. Nf4 {[%emt 0:00:06]} b5
{[%emt 0:00:07]} 35. axb5 {[%emt 0:00:10]} Rxb5 {[%emt 0:00:03]} 36. h3 {[%emt
0:00:12]} Bb2 {[%emt 0:00:10]} 37. h4 {[%emt 0:00:12]} Bc1 {[%emt 0:00:10]} 38.
Ne6+ {[%emt 0:00:03]} Kf6 {[%emt 0:00:11]} 39. Ng5 {[%emt 0:00:01]} Rb4+ {
[%emt 0:00:12]} 40. Kf3 {[%emt 0:00:02]} Kg7 {[%emt 0:00:12]} 41. Rxf7+ {[%emt
0:00:03]} Kg8 {[%emt 0:00:02]} 42. Rd7 {[%emt 0:00:05]} Rb6 {[%emt 0:00:08]}
43. Ke4 {[%emt 0:00:05]} Bb2 {[%emt 0:00:08]} 44. f4 {[%emt 0:00:02]} Bc3 {
[%emt 0:00:04]} 45. Kd5 {[%emt 0:00:05]} Be1 {[%emt 0:00:04]} 46. Rd6 {[%emt 0:
00:02]} Rxd6+ {[%emt 0:00:04]} 47. Kxd6 {[%emt 0:00:01]} Bxg3 {[%emt 0:00:01]}
48. Ke6 {[%emt 0:00:03]} Bxh4 {[%emt 0:00:05]} 49. Kf6 {[%emt 0:00:01]} Bxg5+ {
[%emt 0:00:09]} 50. Kxg5 {[%emt 0:00:04]} Kg7 {[%emt 0:00:02]} 51. e4 {[%emt 0:
00:01]} Kf7 {[%emt 0:00:03]} 52. f5 {[%emt 0:00:02]} gxf5 {[%emt 0:00:02]} 53.
exf5 {[%emt 0:00:01]} h4 {[%emt 0:00:02]} 54. Kxh4 {[%emt 0:00:01]} Kf6 {[%emt
0:00:01]} 55. Kg4 {[%emt 0:00:01]} Kf7 {[%emt 0:00:01]} 56. Kg5 {[%emt 0:00:02]
} Kg7 {[%emt 0:00:01] Whn Ïðåäëàãàåò íè~~üo^ Arbiter Decision (Draw by
material), 1} 1/2-1/2

[Event "T-Director's Swiss sytem"]
[Site "playchess.com #662980"]
[Date "2014.03.16"]
[Round "2"]
[White "Whn"]
[Black "Chrisj555"]
[Result "0-1"]
[WhiteElo "1689"]
[BlackElo "2116"]
[PlyCount "106"]
[EventDate "2014.03.16"]
[EventType "swiss (blitz)"]

1. e4 {[%emt 0:00:01]} e5 {[%emt 0:00:03]} 2. Nf3 {[%emt 0:00:01]} Nf6 {[%emt
0:00:01]} 3. Nc3 {[%emt 0:00:01]} Nc6 {[%emt 0:00:04]} 4. d4 {[%emt 0:00:03]}
Bb4 {[%emt 0:00:02]} 5. Qd3 {[%emt 0:00:25]} exd4 {[%emt 0:00:28]} 6. Nxd4 {
[%emt 0:00:09]} Ne5 {[%emt 0:00:23]} 7. Qe2 {[%emt 0:00:21]} O-O {[%emt 0:00:
11]} 8. Bd2 {[%emt 0:00:16]} Re8 {[%emt 0:00:04]} 9. f3 {[%emt 0:00:01]} d5 {
[%emt 0:00:04]} 10. O-O-O {[%emt 0:00:05]} c5 {[%emt 0:00:04]} 11. Nb3 {[%emt
0:00:14]} d4 {[%emt 0:00:06]} 12. Nb1 {[%emt 0:00:09]} Bxd2+ {[%emt 0:00:08]}
13. N1xd2 {[%emt 0:00:06]} Qc7 {[%emt 0:00:04]} 14. Nc4 {[%emt 0:00:02]} Nxc4 {
[%emt 0:00:05]} 15. Qxc4 {[%emt 0:00:03]} b6 {[%emt 0:00:11]} 16. Nxd4 {[%emt
0:00:06]} Bd7 {[%emt 0:00:09]} 17. Nb5 {[%emt 0:00:11]} Bxb5 {[%emt 0:00:09]}
18. Qxb5 {[%emt 0:00:02]} a6 {[%emt 0:00:04]} 19. Qb3 {[%emt 0:00:06]} b5 {
[%emt 0:00:02]} 20. Qe3 {[%emt 0:00:04]} c4 {[%emt 0:00:05]} 21. Be2 {[%emt 0:
00:11]} a5 {[%emt 0:00:02]} 22. Rd2 {[%emt 0:00:07]} a4 {[%emt 0:00:02]} 23. g3
{[%emt 0:00:05]} b4 {[%emt 0:00:02]} 24. c3 {[%emt 0:00:04]} a3 {[%emt 0:00:03]
} 25. Rhd1 {[%emt 0:00:21]} axb2+ {[%emt 0:00:04]} 26. Rxb2 {[%emt 0:00:03]}
Ra3 {[%emt 0:00:07]} 27. Rxb4 {[%emt 0:00:16]} Rxa2 {[%emt 0:00:04]} 28. Rb1 {
[%emt 0:00:34]} Qa5 {[%emt 0:00:07]} 29. Rd2 {[%emt 0:00:04]} Ra3 {[%emt 0:00:
10]} 30. Rc2 {[%emt 0:00:06]} Rc8 {[%emt 0:00:12]} 31. Qd4 {[%emt 0:00:05]} Qa4
{[%emt 0:00:17]} 32. Kd2 {[%emt 0:00:08]} h6 {[%emt 0:00:04]} 33. Rbc1 {[%emt
0:00:04]} Nd7 {[%emt 0:00:14]} 34. Ke3 {[%emt 0:00:02]} f6 {[%emt 0:00:20]} 35.
Kf2 {[%emt 0:00:01]} Ne5 {[%emt 0:00:04]} 36. f4 {[%emt 0:00:04]} Nf7 {[%emt 0:
00:16]} 37. Kg2 {[%emt 0:00:05]} Ra2 {[%emt 0:00:05]} 38. Qd2 {[%emt 0:00:09]}
Ra3 {[%emt 0:00:12]} 39. Qe3 {[%emt 0:00:13]} Rd8 {[%emt 0:00:01]} 40. Rd2 {
[%emt 0:00:04]} Rxd2 {[%emt 0:00:03]} 41. Qxd2 {[%emt 0:00:01]} Ra2 {[%emt 0:
00:01]} 42. Qe3 {[%emt 0:00:07]} Qa3 {[%emt 0:00:05]} 43. Kf3 {[%emt 0:00:03]}
Qb2 {[%emt 0:00:03]} 44. Rd1 {[%emt 0:00:11]} Ra3 {[%emt 0:00:07]} 45. Rc1 {
[%emt 0:00:03]} Kh7 {[%emt 0:00:09]} 46. Bxc4 {[%emt 0:00:02]} Nd6 {[%emt 0:00:
01]} 47. Bd5 {[%emt 0:00:08]} Qxh2 {[%emt 0:00:03]} 48. Rf1 {[%emt 0:00:20]}
Nb5 {[%emt 0:00:06]} 49. Rf2 {[%emt 0:00:02]} Qh1+ {[%emt 0:00:02]} 50. Rg2 {
[%emt 0:00:10]} Rxc3 {[%emt 0:00:01]} 51. Qxc3 {[%emt 0:00:03]} Nxc3 {[%emt 0:
00:01]} 52. e5 {[%emt 0:00:00]} Nxd5 {[%emt 0:00:02]} 53. exf6 {[%emt 0:00:01]}
gxf6 {[%emt 0:00:01] Whn Ñäàåòñÿ} 0-1